| 000 | 01261cam a22003014a 4500 | ||
|---|---|---|---|
| 999 |
_c330296 _d330296 |
||
| 001 | 13054433 | ||
| 003 | NUST | ||
| 005 | 20170616122138.0 | ||
| 008 | 030110s2003 ne a b 001 0 eng | ||
| 010 | _a 2003040799 | ||
| 020 | _a0750676027 (HC : aLk. paper) | ||
| 040 |
_aDLC _cDLC _dDLC |
||
| 042 | _apcc | ||
| 050 | 0 | 0 |
_aTH9446.D86 _bE34 2003 |
| 082 | 0 | 0 |
_a604.7 ECK _221 |
| 100 | 1 |
_aEckhoff, Rolf K. _92836 |
|
| 245 | 1 | 0 |
_aDust explosions in the process industries / _cRolf K. Eckhoff. |
| 250 | _a3rd ed. | ||
| 260 |
_aAmsterdam ; _aBoston : _bGulf Professional Pub., _cc2003. |
||
| 300 |
_axxi, 719 p. : _bill. (some col.) ; _c24 cm. |
||
| 500 | _aH.B | ||
| 504 | _aIncludes bibliographical references and index. | ||
| 650 | 0 |
_aDust explosions. _92837 |
|
| 650 | 0 |
_aFire prevention. _92838 |
|
| 650 | 0 |
_aIndustrial accidents. _92839 |
|
| 856 | 4 | 2 |
_3Publisher description _uhttp://www.loc.gov/catdir/description/els031/2003040799.html |
| 856 | 4 | 1 |
_3Table of contents _uhttp://www.loc.gov/catdir/toc/els031/2003040799.html |
| 906 |
_a7 _bcbc _corignew _d1 _eocip _f20 _gy-gencatlg |
||
| 942 |
_2ddc _cBK _kIESE |
||